000 01203nam a2200313 i 4500
003 EG-GICUC
005 20260226135417.0
008 251216s1985 ua ||||fr|||| 00| 0 ara d
017 _a1985/4255
040 _a EG-GICUC
_bara
_c EG-GICUC
_d EG-GICUC
_erda
041 0 _aara
082 0 4 _221
_a343.423
_bع ب . ح
092 0 4 _221
099 _aLaw1 10 343.423 ع ب . ح 1985
100 0 _aعبد الرحمن حسين على علام
_eمؤلف.
245 1 2 _aالحماية الجنائية لحق الإنسان فى بيئة ملائمة :
_bدراسة مقارنة /
_cدكتور عبد الرحمن حسين على علام.
264 1 _aالقاهرة :
_bمكتبة نهضة الشرق،
_c1985.
300 _a125 صفحة ؛
_c24 سم.
336 _2rda content
_atext
337 _2rda media
_aComputer
338 _2rda carrier
_aOnline Resource
504 _a. 121-125 ببليوجرافيا: صفحات
546 _aالنص باللغة العربية
650 1 4 _aالتشريعات المتعلقة بالبيئة
650 1 4 _aالقانون الجنائي
856 4 0 _uhttps://fll.law.cu.edu.eg/fulltext/bks/B10-05814.pdf
905 _a77
942 _2ddc
_cBK
_e21
_n0
999 _c51136
_d51136